000 00483nam a22002057a 4500
003 UA-OsUOA
001 45376
007 ta
008 20111010b un ||||| |||| 00| 0 ukr d
090 _a24
_bР58
942 _cBR
040 _aUA-OsUOA
_bukr
_cUA-OsUOA
_dUA-OsUOA
245 _aРобітникові не треба релігії?!
955 _a4
041 _aukr
080 _a24
260 _c38 с
650 7 _a2 Релігія. Теологія.
_2UDC
999 _c425479
_d425479